[Event "Dvorkovich Memorial op-A 9th"]
[Site "Taganrog"]
[Date "2014.08.04"]
[Round "4"]
[White "Pavlov, Nikolay"]
[Black "Vul, Arkadi Eremeevich"]
[Result "1/2-1/2"]
[WhiteElo "2175"]
[BlackElo "2307"]
[PlyCount "55"]
[EventDate "2014.08.02"]
[EventType "swiss"]
[EventRounds "10"]
[EventCountry "RUS"]
[SourceTitle "CBM 162 Extra"]
[Source "ChessBase"]
[SourceDate "2014.10.17"]
[SourceVersion "1"]
[SourceVersionDate "2014.10.17"]
[SourceQuality "1"]

1. c4 e6 2. Nc3 d5 3. d4 c6 4. Nf3 Nf6 5. Bg5 Nbd7 6. cxd5 exd5 7. e3 Be7 8. Qc2 Nh5 9. Bxe7 Qxe7 10. 0-0-0 Nb6 11. h3 g6 12. Bd3 Be6 13. Kb1 0-0-0 14. Rc1 Kb8 15. Na4 Nxa4 16. Qxa4 Nf6 17. Ne5 Nd7 18. Nxd7+ Qxd7 19. Ka1 Bf5 20. Be2 Rc8 21. Rc3 Rc7 22. Rhc1 Qd6 23. Ra3 b6 24. Rac3 Bd7 25. Qc2 Bf5 26. Qa4 Bd7 27. Qc2 Bf5 28. Qa4 1/2-1/2

[Event "Dvorkovich Memorial op 8th"]
[Site "Taganrog"]
[Date "2013.07.30"]
[Round "9"]
[White "Dida, Igor"]
[Black "Pavlov, Nikolay"]
[Result "0-1"]
[WhiteElo "1934"]
[BlackElo "2127"]
[PlyCount "102"]
[EventDate "2013.07.22"]
[EventType "swiss"]
[EventRounds "9"]
[EventCountry "RUS"]
[SourceTitle "CBM 155 Extra"]
[Source "ChessBase"]
[SourceDate "2013.08.26"]
[SourceVersion "1"]
[SourceVersionDate "2013.08.26"]
[SourceQuality "1"]

1. c4 g6 2. Nc3 c5 3. g3 Bg7 4. Bg2 Nc6 5. Nf3 d6 6. 0-0 e5 7. d3 Nge7 8. Ne1 0-0 9. Nc2 Be6 10. Ne3 Qd7 11. Re1 Rab8 12. Ned5 f5 13. Bg5 h6 14. Bxe7 Nxe7 15. Nxe7+ Qxe7 16. Bd5 Kh7 17. Bxe6 Qxe6 18. e3 a6 19. a4 g5 20. Nd5 Rf7 21. Rb1 b5 22. axb5 axb5 23. b3 e4 24. Qc2 Rfb7 25. dxe4 fxe4 26. f3 Re8 27. f4 g4 28. Rf1 Qf5 29. Nc3 b4 30. Na4 Rf8 31. Rbd1 Qe6 32. Rd5 Rf5 33. Rxf5 Qxf5 34. Rd1 Qe6 35. Rd5 Rf7 36. Qd2 Rf6 37. Nb2 Bf8 38. Nd1 Kg6 39. Nf2 Rf5 40. Rxf5 Kxf5 41. Kg2 Bg7 42. Qd1 h5 43. Qd5+ Qxd5 44. cxd5 Bf6 45. h3 Bb2 46. hxg4+ hxg4 47. Nd1 Bc1 48. Nf2 c4 49. bxc4 b3 50. Nd1 Bxe3 51. Kf1 Bd4 0-1

[Event "Dvorkovich Memorial op 8th"]
[Site "Taganrog"]
[Date "2013.07.23"]
[Round "2"]
[White "Pavlov, Nikolay"]
[Black "Krivochkin, Ilya"]
[Result "0-1"]
[WhiteElo "2127"]
[BlackElo "1925"]
[PlyCount "84"]
[EventDate "2013.07.22"]
[EventType "swiss"]
[EventRounds "9"]
[EventCountry "RUS"]
[SourceTitle "CBM 155 Extra"]
[Source "ChessBase"]
[SourceDate "2013.08.26"]
[SourceVersion "1"]
[SourceVersionDate "2013.08.26"]
[SourceQuality "1"]

1. e4 e6 2. d4 d5 3. Nc3 Nf6 4. e5 Nfd7 5. f4 c5 6. Nf3 Nc6 7. Be3 Be7 8. Qd2 a6 9. Be2 b5 10. a3 Qb6 11. 0-0 cxd4 12. Nxd4 Nxd4 13. Bxd4 Bc5 14. Rad1 Bxd4+ 15. Qxd4 Bb7 16. Qxb6 Nxb6 17. Rd4 Bc6 18. Kf2 Ke7 19. Ke3 Rhd8 20. h3 Rac8 21. Rfd1 Be8 22. Kd2 Rc7 23. Bd3 Rdc8 24. Ne2 Nd7 25. Rf1 Nc5 26. Rc1 h6 27. g4 f6 28. exf6+ gxf6 29. b4 Na4 30. Re1 Kd6 31. Ng3 Nc3 32. h4 Bd7 33. Bg6 Rg8 34. f5 e5 35. Rd3 Rgc8 36. Nh5 Ke7 37. Kc1 Na2+ 38. Kb1 Rxc2 39. g5 hxg5 40. hxg5 Rh2 41. gxf6+ Kf8 42. Rxe5 Rc1# 0-1

[Event "Dvorkovich Memorial op 6th"]
[Site "Taganrog"]
[Date "2011.08.07"]
[Round "7"]
[White "Pavlov, Nikolay"]
[Black "Mamonov, Alexey"]
[Result "1/2-1/2"]
[WhiteElo "2030"]
[BlackElo "2247"]
[PlyCount "149"]
[EventDate "2011.08.01"]
[EventType "swiss"]
[EventRounds "9"]
[EventCountry "RUS"]
[SourceTitle "CBM 144 Extra"]
[Source "ChessBase"]
[SourceDate "2011.10.28"]
[SourceVersion "1"]
[SourceVersionDate "2011.10.28"]
[SourceQuality "1"]

1. e4 c5 2. Nf3 Nf6 3. Nc3 d5 4. exd5 Nxd5 5. Bb5+ Nc6 6. Ne5 Nxc3 7. dxc3 Qxd1+ 8. Kxd1 a6 9. Bxc6+ bxc6 10. Be3 f6 11. Nc4 e5 12. Nb6 Bg4+ 13. f3 Rd8+ 14. Ke2 Bf5 15. Na4 c4 16. Rac1 Kf7 17. Nb6 Rb8 18. Rhd1 Be7 19. Rd2 Be6 20. b3 cxb3 21. axb3 Bd8 22. Na4 Ba5 23. Rd6 Rhd8 24. Rcd1 Bd5 25. Rxd8 Rxd8 26. Bb6 Bxb6 27. Nxb6 Ke7 28. Ra1 Be6 29. Rxa6 Bf5 30. Ra2 h5 31. Nc4 g5 32. Ne3 Be6 33. Ra6 Kd6 34. c4 f5 35. Ra5 Rb8 36. Nd1 h4 37. Nc3 Rb7 38. Na4 Rb8 39. Ra7 Rg8 40. c5+ Kd5 41. Kd3 e4+ 42. fxe4+ fxe4+ 43. Ke3 h3 44. gxh3 Rh8 45. Nc3+ Ke5 46. Nxe4 Rxh3+ 47. Ng3 Rxh2 48. c4 Rb2 49. Ra3 Bg4 50. Nf1 Re2+ 51. Kd3 Rf2 52. Nd2 Rh2 53. Ke3 Rh3+ 54. Kf2 Kf4 55. Nf1 Rf3+ 56. Ke1 Bh3 57. Nd2 Re3+ 58. Kd1 g4 59. Ra8 g3 60. Rf8+ Bf5 61. Nf1 g2 62. Rxf5+ Ke4 63. Nxe3 g1Q+ 64. Rf1 Qh2 65. Nc2 Qh5+ 66. Kd2 Qxc5 67. Re1+ Kf4 68. Kc3 Qa7 69. Rf1+ Ke4 70. Re1+ Kf4 71. Rf1+ Ke5 72. Rd1 c5 73. Rd5+ Ke4 74. Kb2 Qg7+ 75. Kb1 1/2-1/2

[Event "Dvorkovich Memorial op 6th"]
[Site "Taganrog"]
[Date "2011.08.06"]
[Round "6"]
[White "Pavlov, Nikolay"]
[Black "Ostrovsky, Alexander"]
[Result "1/2-1/2"]
[WhiteElo "2030"]
[BlackElo "2365"]
[PlyCount "82"]
[EventDate "2011.08.01"]
[EventType "swiss"]
[EventRounds "9"]
[EventCountry "RUS"]
[SourceTitle "CBM 144 Extra"]
[Source "ChessBase"]
[SourceDate "2011.10.28"]
[SourceVersion "1"]
[SourceVersionDate "2011.10.28"]
[SourceQuality "1"]

1. e4 e5 2. Nf3 d6 3. d4 exd4 4. Nxd4 Nf6 5. Nc3 Be7 6. Qf3 0-0 7. Qg3 Nc6 8. Nxc6 bxc6 9. Be2 Nd7 10. 0-0 Bf6 11. Bd2 a5 12. Rad1 Ba6 13. Bd3 Nc5 14. f4 Nxd3 15. cxd3 Re8 16. Be3 Rb8 17. Rd2 Rb4 18. Rfd1 Qb8 19. Qf2 Bxc3 20. bxc3 Rb1 21. Qg3 c5 22. Qe1 Rxd1 23. Qxd1 f5 24. Bf2 fxe4 25. dxe4 Rxe4 26. Rxd6 cxd6 27. Qd5+ Kh8 28. Qxe4 Bb7 29. Qe2 Bd5 30. Bh4 Qb1+ 31. Kf2 Qxa2 32. Qxa2 Bxa2 33. Be7 Bd5 34. Bxd6 c4 35. g3 Kg8 36. Ke3 Kf7 37. Kd4 Be6 38. Ke5 Bg4 39. f5 a4 40. Kf4 Bh3 41. g4 g6 1/2-1/2

[Event "Voronezh op-B 15th"]
[Site "Voronezh"]
[Date "2011.06.20"]
[Round "9"]
[White "Hudyakov, Sergey"]
[Black "Pavlov, Nikolay"]
[Result "1-0"]
[WhiteElo "2192"]
[BlackElo "2013"]
[PlyCount "121"]
[EventDate "2011.06.12"]
[EventType "swiss"]
[EventRounds "9"]
[EventCountry "RUS"]
[SourceTitle "CBM 143 Extra"]
[Source "ChessBase"]
[SourceDate "2011.08.29"]
[SourceVersion "1"]
[SourceVersionDate "2011.08.29"]
[SourceQuality "1"]

1. c4 Nf6 2. Nc3 g6 3. g3 Bg7 4. Bg2 0-0 5. Nf3 d6 6. 0-0 e5 7. d3 Nc6 8. Rb1 Be6 9. b4 h6 10. b5 Ne7 11. a4 Qd7 12. Re1 Bh3 13. Bh1 Rab8 14. Ba3 b6 15. a5 Nh5 16. Qb3 Kh7 17. Ra1 f5 18. Bb2 g5 19. axb6 axb6 20. Ra7 Nc8 21. Ra4 Qf7 22. Rea1 Nf6 23. Nd2 Qh5 24. Ra8 Rxa8 25. Rxa8 Ng4 26. Nf3 Nf6 27. Nd2 Ng4 28. Nf3 Nf6 29. Qc2 Kh8 30. Rb8 f4 31. Rb7 Qg4 32. Rxc7 Nh5 33. Ne4 fxg3 34. hxg3 Nf4 35. d4 Ne6 36. Rxg7 Nxg7 37. dxe5 dxe5 38. Nxe5 Qf5 39. Qd2 Kh7 40. Qd1 Ne6 41. Qd7+ Ng7 42. Qc7 Kg8 43. Ng4 Qg6 44. Ngf6+ Kh8 45. Bf3 g4 46. Bh1 Qf7 47. Qe5 Ne7 48. Nd6 Qe6 49. Qxe6 Nxe6 50. Nd7+ Kg8 51. Nxf8 Kxf8 52. Bc1 h5 53. Bh6+ Kg8 54. Be3 Ng6 55. Bd5 Ngf8 56. Bh6 Kh7 57. Be3 Nc5 58. Bxc5 bxc5 59. Bc6 Ne6 60. Nf7 Kg6 61. b6 1-0

[Event "Voronezh op-B 15th"]
[Site "Voronezh"]
[Date "2011.06.19"]
[Round "8"]
[White "Pavlov, Nikolay"]
[Black "Fadin, Evgeny"]
[Result "1/2-1/2"]
[WhiteElo "2013"]
[BlackElo "2161"]
[PlyCount "76"]
[EventDate "2011.06.12"]
[EventType "swiss"]
[EventRounds "9"]
[EventCountry "RUS"]
[SourceTitle "CBM 143 Extra"]
[Source "ChessBase"]
[SourceDate "2011.08.29"]
[SourceVersion "1"]
[SourceVersionDate "2011.08.29"]
[SourceQuality "1"]

1. Nf3 Nf6 2. g3 g6 3. Bg2 Bg7 4. 0-0 0-0 5. c4 d6 6. d4 Nbd7 7. Qc2 c6 8. Rd1 Qc7 9. Nc3 e5 10. e4 exd4 11. Nxd4 a5 12. h3 Re8 13. Be3 Nc5 14. f3 b6 15. Bf2 Bb7 16. Rab1 Nfd7 17. b3 Ne6 18. Nde2 Rad8 19. a3 Nf6 20. f4 Ba6 21. Na4 Nc5 22. Nec3 b5 23. Nxc5 dxc5 24. e5 Nd7 25. Ne4 bxc4 26. bxc4 f6 27. exf6 Nxf6 28. Nxc5 Bc8 29. Qa4 Bf5 30. Rb7 Qc8 31. Rxd8 Rxd8 32. Qxc6 Qxc6 33. Bxc6 Bxh3 34. Bf3 Bf5 35. Na6 Rd3 36. Rb8+ Kf7 37. Rb7+ Kg8 38. Rb8+ Kf7 1/2-1/2

[Event "Voronezh op-B 15th"]
[Site "Voronezh"]
[Date "2011.06.17"]
[Round "6"]
[White "Pavlov, Nikolay"]
[Black "Matveenko, Yury"]
[Result "0-1"]
[WhiteElo "2013"]
[BlackElo "2151"]
[PlyCount "86"]
[EventDate "2011.06.12"]
[EventType "swiss"]
[EventRounds "9"]
[EventCountry "RUS"]
[SourceTitle "CBM 143 Extra"]
[Source "ChessBase"]
[SourceDate "2011.08.29"]
[SourceVersion "1"]
[SourceVersionDate "2011.08.29"]
[SourceQuality "1"]

1. Nf3 d5 2. c4 c6 3. b3 Nf6 4. g3 Bg4 5. Bb2 Bxf3 6. exf3 e6 7. Bg2 Be7 8. 0-0 0-0 9. d3 Na6 10. Qe2 Nd7 11. f4 Bf6 12. d4 Qb6 13. c5 Qd8 14. Rd1 Nc7 15. Nc3 g6 16. Qd3 Bg7 17. Re1 Rb8 18. b4 b6 19. Ba3 bxc5 20. bxc5 Nb5 21. Nxb5 Rxb5 22. Reb1 a6 23. Bf1 Qa5 24. Rb3 Qa4 25. Qc2 Rxb3 26. axb3 Qxd4 27. Rd1 Qc3 28. Qxc3 Bxc3 29. Rc1 Bf6 30. b4 Rb8 31. Bxa6 Ra8 32. b5 Nb8 33. Bb4 Nxa6 34. bxa6 Rxa6 35. Bc3 Bxc3 36. Rxc3 Ra5 37. Kf1 f6 38. Rb3 e5 39. Rb8+ Kf7 40. fxe5 fxe5 41. Rb7+ Kg8 42. Re7 e4 43. h4 Rxc5 0-1

[Event "Voronezh op-B 15th"]
[Site "Voronezh"]
[Date "2011.06.15"]
[Round "4"]
[White "Pavlov, Nikolay"]
[Black "Vishnjakova, Svetlana"]
[Result "1-0"]
[WhiteElo "2013"]
[BlackElo "2193"]
[PlyCount "70"]
[EventDate "2011.06.12"]
[EventType "swiss"]
[EventRounds "9"]
[EventCountry "RUS"]
[SourceTitle "CBM 143 Extra"]
[Source "ChessBase"]
[SourceDate "2011.08.29"]
[SourceVersion "1"]
[SourceVersionDate "2011.08.29"]
[SourceQuality "1"]

1. Nf3 Nf6 2. g3 g6 3. Bg2 Bg7 4. 0-0 d6 5. d4 0-0 6. c4 c5 7. Nc3 Nc6 8. dxc5 dxc5 9. Bf4 Be6 10. Ne5 Nh5 11. Nxc6 bxc6 12. Be3 Qc7 13. Bxc5 Bxc3 14. bxc3 Bxc4 15. Qc2 Qe5 16. Bd4 Qe6 17. Qe4 Qxe4 18. Bxe4 Bd5 19. Bxd5 cxd5 20. Rfb1 f6 21. Rb7 e5 22. Bxa7 Rfc8 23. Rd1 Rd8 24. Bb6 Rdb8 25. Rxb8+ Rxb8 26. Bc5 Rd8 27. e4 Ra8 28. exd5 Ng7 29. Bb6 Rb8 30. Bc7 Rc8 31. d6 Ne6 32. Ba5 Ra8 33. Bb4 Kf7 34. d7 Nd8 35. a3 Ra6 1-0

[Event "Yuzhny FO-ch op"]
[Site "Armavir"]
[Date "2010.03.??"]
[Round "5"]
[White "Vastrukhin, Oleg"]
[Black "Pavlov, Nikolay"]
[Result "1-0"]
[WhiteElo "2322"]
[BlackElo "2037"]
[PlyCount "75"]
[EventDate "2010.03.??"]
[EventType "swiss"]
[EventRounds "9"]
[EventCountry "RUS"]
[SourceTitle "CBM 135 Extra"]
[Source "ChessBase"]
[SourceDate "2010.05.04"]
[SourceVersion "1"]
[SourceVersionDate "2010.05.04"]
[SourceQuality "1"]

1. Nf3 Nf6 2. g3 g6 3. Bg2 Bg7 4. 0-0 0-0 5. c4 c5 6. Nc3 Nc6 7. d3 a6 8. Rb1 Rb8 9. Nd5 Nxd5 10. cxd5 Nd4 11. Bd2 d6 12. Bc3 Nxf3+ 13. Bxf3 Bh3 14. Bg2 Bxg2 15. Kxg2 Bxc3 16. bxc3 b5 17. e4 e6 18. Qb3 Qf6 19. dxe6 Qxe6 20. Qxe6 fxe6 21. Rb3 d5 22. exd5 exd5 23. Ra3 Rf6 24. Ra5 Kf7 25. a4 Rfb6 26. axb5 axb5 27. Re1 R8b7 28. c4 dxc4 29. dxc4 bxc4 30. Rxc5 Rf6 31. Re2 Kg7 32. Rxc4 Rd6 33. h4 Rf6 34. Rec2 Rbf7 35. Rc5 Re7 36. h5 Ref7 37. hxg6 hxg6 38. Rc6 1-0

[Event "Rostov-ch"]
[Site "Rostov on Don"]
[Date "2010.??.??"]
[Round "5"]
[White "Inozemtsev, Arsen"]
[Black "Pavlov, Nikolay"]
[Result "1-0"]
[WhiteElo "2128"]
[BlackElo "2037"]
[PlyCount "95"]
[EventDate "2010.11.21"]
[EventType "swiss"]
[EventRounds "9"]
[EventCountry "RUS"]
[SourceTitle "EXT 2012"]
[Source "ChessBase"]
[SourceDate "2011.11.24"]
[SourceVersion "1"]
[SourceVersionDate "2011.11.24"]
[SourceQuality "1"]

1. e4 e6 2. d4 d5 3. Nc3 Bb4 4. e5 b6 5. a3 Bf8 6. f4 c5 7. Nf3 Nh6 8. Be3 Nf5 9. Bf2 h5 10. Qd2 Be7 11. Bd3 g6 12. 0-0 Ba6 13. Rac1 Qc8 14. Rfd1 Nc6 15. Ne2 c4 16. Bxf5 gxf5 17. Rb1 Kd7 18. Ng5 Bxg5 19. fxg5 Ne7 20. h4 Ng6 21. g3 Qc6 22. Be3 Rac8 23. Qb4 Bb7 24. a4 a5 25. Qa3 Ra8 26. Bf4 Ba6 27. Nc3 Rac8 28. Re1 Ra8 29. Re3 Rac8 30. Kf2 Rb8 31. b4 axb4 32. Qxb4 Rb7 33. Ree1 Rhb8 34. Rb2 b5 35. axb5 Bxb5 36. Reb1 Ba6 37. Qa3 Rxb2 38. Rxb2 Rxb2 39. Qxb2 Qb7 40. Qa3 Qb6 41. Na4 Qxd4+ 42. Be3 Qd1 43. Qd6+ Ke8 44. Qb8+ Ke7 45. Bc5+ Kd7 46. Qd6+ Kc8 47. Qc6+ Kd8 48. Bb6+ 1-0

[Event "Rostov-ch"]
[Site "Rostov on Don"]
[Date "2010.??.??"]
[Round "8"]
[White "Pavlov, Nikolay"]
[Black "Gulinsky, Vladimir"]
[Result "1-0"]
[WhiteElo "2037"]
[BlackElo "2009"]
[PlyCount "99"]
[EventDate "2010.11.21"]
[EventType "swiss"]
[EventRounds "9"]
[EventCountry "RUS"]
[SourceTitle "EXT 2012"]
[Source "ChessBase"]
[SourceDate "2011.11.24"]
[SourceVersion "1"]
[SourceVersionDate "2011.11.24"]
[SourceQuality "1"]

1. e4 c5 2. Nf3 d6 3. d4 cxd4 4. Qxd4 Nc6 5. Bb5 Bd7 6. Bxc6 Bxc6 7. Nc3 Nf6 8. Bg5 e6 9. 0-0-0 Be7 10. Qd3 0-0 11. Nd4 Qa5 12. f4 Rfd8 13. f5 e5 14. Nb3 Qc7 15. Bxf6 Bxf6 16. Nd5 Bxd5 17. Qxd5 Rac8 18. c3 b6 19. Kb1 a5 20. Qb5 Ra8 21. Qa4 Qb7 22. Rd5 Qc7 23. Rhd1 Rac8 24. R1d3 h6 25. Nd2 Bg5 26. Nf3 Be7 27. b3 Qb7 28. Nd2 Rc5 29. Rxc5 bxc5 30. Rd5 Qa6 31. Nc4 Rb8 32. Kc2 Ra8 33. Rd3 Bf8 34. Ne3 Rc8 35. Qc4 Qb7 36. a4 Rb8 37. Nd5 Be7 38. Qb5 Bg5 39. Qxb7 Rxb7 40. g3 Bd8 41. Ne3 Be7 42. Nc4 Ra7 43. Nxd6 Bxd6 44. Rxd6 c4 45. Rd8+ Kh7 46. bxc4 f6 47. Kd3 h5 48. c5 Rb7 49. Kc4 g5 50. c6 1-0

[Event "Rostov-ch"]
[Site "Rostov on Don"]
[Date "2010.??.??"]
[Round "2"]
[White "Pavlov, Nikolay"]
[Black "Milushev, Oleg"]
[Result "0-1"]
[WhiteElo "2037"]
[BlackElo "2163"]
[PlyCount "78"]
[EventDate "2010.11.21"]
[EventType "swiss"]
[EventRounds "9"]
[EventCountry "RUS"]
[SourceTitle "EXT 2012"]
[Source "ChessBase"]
[SourceDate "2011.11.24"]
[SourceVersion "1"]
[SourceVersionDate "2011.11.24"]
[SourceQuality "1"]

1. e4 c5 2. Nf3 d6 3. d4 cxd4 4. Qxd4 Nc6 5. Bb5 Bd7 6. Bxc6 Bxc6 7. c4 Nf6 8. Nc3 g6 9. 0-0 Bg7 10. Qd3 0-0 11. Nd4 Nd7 12. Nxc6 bxc6 13. Be3 a5 14. Rac1 a4 15. f4 Qa5 16. Bd4 e5 17. Be3 exf4 18. Bxf4 Qc5+ 19. Be3 Ne5 20. Bxc5 Nxd3 21. Bxd6 Rfd8 22. e5 Nxc1 23. Rxc1 Re8 24. Re1 f5 25. Kf2 Re6 26. Kf3 a3 27. Bxa3 Rxe5 28. Rd1 Rae8 29. Bb4 c5 30. Ba5 Re3+ 31. Kf2 Bd4 32. Kf1 Ra8 33. Bb6 Bxc3 34. bxc3 Rxc3 35. Bxc5 Rxc4 36. Be3 Rxa2 37. Rd8+ Kf7 38. Rd7+ Ke6 39. Rxh7 Rcc2 0-1

[Event "Rostov-ch"]
[Site "Rostov on Don"]
[Date "2010.??.??"]
[Round "4"]
[White "Pavlov, Nikolay"]
[Black "Rasstriguine, Andrei"]
[Result "1-0"]
[WhiteElo "2037"]
[BlackElo "2080"]
[PlyCount "111"]
[EventDate "2010.11.21"]
[EventType "swiss"]
[EventRounds "9"]
[EventCountry "RUS"]
[SourceTitle "EXT 2012"]
[Source "ChessBase"]
[SourceDate "2011.11.24"]
[SourceVersion "1"]
[SourceVersionDate "2011.11.24"]
[SourceQuality "1"]

1. e4 c6 2. d4 d5 3. Nc3 dxe4 4. Nxe4 Bf5 5. Ng3 Bg6 6. Nf3 Nd7 7. h4 h6 8. h5 Bh7 9. Bd3 Bxd3 10. Qxd3 e6 11. Bf4 Qa5+ 12. Bd2 Qc7 13. 0-0-0 Ngf6 14. Ne4 Nxe4 15. Qxe4 Nf6 16. Qe2 Bd6 17. Kb1 Bf4 18. Ne5 Bxd2 19. Rxd2 0-0-0 20. Rh3 Kb8 21. c4 Rd6 22. Rhd3 Rhd8 23. f4 Ne8 24. g3 f6 25. Ng6 Qf7 26. Qe3 Nc7 27. Qe4 Qd7 28. Ne5 Qe8 29. Ng6 Na6 30. a3 Qd7 31. Kc2 Qf7 32. Kb1 Nc7 33. Qe3 a6 34. g4 Qd7 35. Ne5 Qe8 36. c5 Rd5 37. Nc4 R5d7 38. Nd6 Qe7 39. Rc2 Nd5 40. Qe4 Rxd6 41. cxd6 Qxd6 42. Rf3 Nc7 43. g5 f5 44. Qe5 Qxd4 45. Qxd4 Rxd4 46. gxh6 gxh6 47. Kc1 Kc8 48. Rg2 Nd5 49. Rg6 Nxf4 50. Rxh6 Kd7 51. Rh8 Ke7 52. h6 Kf7 53. Rg3 Nh5 54. h7 Rg4 55. Rxg4 fxg4 56. Rf8+ 1-0

[Event "Borisoglebsk Bocharov Memorial 9th"]
[Site "Borisoglebsk"]
[Date "2009.03.14"]
[Round "4"]
[White "Skvortsov, Grigory"]
[Black "Pavlov, Nikolay"]
[Result "1/2-1/2"]
[WhiteElo "2062"]
[BlackElo "2037"]
[PlyCount "47"]
[EventDate "2009.03.12"]
[EventType "swiss"]
[EventRounds "9"]
[EventCountry "RUS"]
[SourceTitle "EXT 2010"]
[Source "ChessBase"]
[SourceDate "2010.11.25"]
[SourceVersion "1"]
[SourceVersionDate "2010.11.25"]
[SourceQuality "1"]

1. e4 e5 2. Nf3 Nc6 3. Bb5 a6 4. Ba4 Nf6 5. 0-0 d6 6. d4 b5 7. dxe5 dxe5 8. Qxd8+ Nxd8 9. Bb3 Bd6 10. Bg5 Bb7 11. Bxf6 gxf6 12. Nbd2 Ne6 13. a4 Nc5 14. axb5 Nxb3 15. Nxb3 axb5 16. Rxa8+ Bxa8 17. Nfd2 Rg8 18. Ra1 Kd7 19. f3 Bc6 20. c3 Rd8 21. Ra6 Bb7 22. Ra7 Kc8 23. Kf1 Kb8 24. Ra1 1/2-1/2

[Event "Voronezh Region-ch Seniors"]
[Site "Voronezh"]
[Date "2008.11.26"]
[Round "8"]
[White "Kaverin, Boris"]
[Black "Pavlov, Nikolay"]
[Result "0-1"]
[WhiteElo "2114"]
[BlackElo "2027"]
[PlyCount "62"]
[EventDate "2008.11.18"]
[EventType "swiss"]
[EventRounds "9"]
[EventCountry "RUS"]
[SourceTitle "EXT 2010"]
[Source "ChessBase"]
[SourceDate "2010.11.25"]
[SourceVersion "1"]
[SourceVersionDate "2010.11.25"]
[SourceQuality "1"]

1. c4 e5 2. Nc3 Nc6 3. Nf3 Nf6 4. g3 d6 5. d4 Bg4 6. d5 Nb8 7. Bg2 Be7 8. Qb3 b6 9. h3 Bd7 10. 0-0 a5 11. Qc2 Qc8 12. Kh2 Bf5 13. e4 Bg6 14. Be3 Na6 15. Nd2 h5 16. Qd1 Nc5 17. a3 Ncd7 18. b4 axb4 19. axb4 0-0 20. f4 Rxa1 21. Qxa1 exf4 22. gxf4 h4 23. Nb5 Nh5 24. Bf3 Ng3 25. Rg1 Nf6 26. Qd4 Bd8 27. Nf1 Nfh5 28. Qd2 f5 29. Nd4 Bf6 30. Ne6 Rf7 31. Bd4 fxe4 0-1

[Event "Voronezh Region-ch Seniors"]
[Site "Voronezh"]
[Date "2008.11.25"]
[Round "7"]
[White "Kopytin, Vladimir"]
[Black "Pavlov, Nikolay"]
[Result "1/2-1/2"]
[WhiteElo "2096"]
[BlackElo "2027"]
[PlyCount "84"]
[EventDate "2008.11.18"]
[EventType "swiss"]
[EventRounds "9"]
[EventCountry "RUS"]
[SourceTitle "EXT 2010"]
[Source "ChessBase"]
[SourceDate "2010.11.25"]
[SourceVersion "1"]
[SourceVersionDate "2010.11.25"]
[SourceQuality "1"]

1. e4 c5 2. Nc3 e6 3. f4 Nc6 4. Nf3 d6 5. g3 Nf6 6. Bg2 e5 7. fxe5 dxe5 8. 0-0 Bg4 9. h3 Bh5 10. d3 Be7 11. Be3 Nd4 12. g4 Nxf3+ 13. Qxf3 Bg6 14. Qg3 Nd7 15. Nd5 f6 16. h4 Nb6 17. h5 Nxd5 18. exd5 Bf7 19. c4 Qd6 20. b4 b6 21. bxc5 bxc5 22. Rab1 0-0 23. Be4 Rab8 24. Qf2 Rxb1 25. Rxb1 g6 26. hxg6 hxg6 27. Kg2 Kg7 28. Rh1 Rh8 29. Rxh8 Kxh8 30. Qh4+ Kg8 31. Qf2 Kg7 32. Qb2 Qd7 33. Bf3 Bd6 34. Qf2 Qc8 35. Qh4 Qh8 36. Qxh8+ Kxh8 37. Bd1 Kg7 38. Ba4 g5 39. Kf3 Bg6 40. Ke2 Kf7 41. Bd7 Ke7 42. Be6 Kd8 1/2-1/2

[Event "Lysenko Memorial"]
[Site "Liski"]
[Date "2007.04.16"]
[Round "6"]
[White "Pavlov, Nikolay"]
[Black "Marchukov, Dmitry"]
[Result "0-1"]
[WhiteElo "2041"]
[BlackElo "2113"]
[PlyCount "40"]
[EventDate "2007.04.11"]
[EventType "tourn"]
[EventRounds "9"]
[EventCountry "RUS"]
[SourceTitle "EXT 2010"]
[Source "ChessBase"]
[SourceDate "2010.11.25"]
[SourceVersion "1"]
[SourceVersionDate "2010.11.25"]
[SourceQuality "1"]

1. c4 f5 2. Nf3 Nf6 3. d3 g6 4. Nc3 Bg7 5. h3 d6 6. Bg5 h6 7. Bd2 e5 8. e4 Qe7 9. Qb3 Nc6 10. Nd5 Nxd5 11. cxd5 Nd4 12. Nxd4 exd4 13. 0-0-0 0-0 14. f3 c6 15. Kb1 cxd5 16. exf5 Rxf5 17. f4 a5 18. g4 a4 19. Qb5 Bd7 20. Re1 Qf7 0-1

[Event "Lysenko Memorial"]
[Site "Liski"]
[Date "2007.04.13"]
[Round "3"]
[White "Lukovnikov, Alexander"]
[Black "Pavlov, Nikolay"]
[Result "1-0"]
[WhiteElo "2355"]
[BlackElo "2041"]
[PlyCount "43"]
[EventDate "2007.04.11"]
[EventType "tourn"]
[EventRounds "9"]
[EventCountry "RUS"]
[SourceTitle "EXT 2010"]
[Source "ChessBase"]
[SourceDate "2010.11.25"]
[SourceVersion "1"]
[SourceVersionDate "2010.11.25"]
[SourceQuality "1"]

1. e4 c6 2. d4 d5 3. e5 Bf5 4. c4 e6 5. Nc3 Nd7 6. Nge2 Bg6 7. Ng3 Nb6 8. cxd5 Nxd5 9. Bc4 Nb4 10. 0-0 Nc2 11. Rb1 Nxd4 12. Nce4 Nf5 13. Qe2 Nxg3 14. hxg3 Qd7 15. Bd3 0-0-0 16. Bc2 Bxe4 17. Bxe4 f6 18. Bxc6 Qd3 19. Qxd3 Rxd3 20. Bb5 Rd8 21. Be3 Kb8 22. Rfd1 1-0